000 00844nam a22002897a 4500
003 CHAP
005 20220329141053.0
008 971013s1992 r 00010 d
010 _a62164
011 _a63136
035 _a67312
040 _cCHAP
082 _a624.151
_bC73 1992
100 0 0 _aCraig, R. F.
_928808
245 _aSoil mechanics
250 _a5 ed.
260 _aLondon :
_bChapman & Hall,
_c1992
300 _a427 p.
_b: ilus.
590 _aBATCH-UPD
_b10
_c20130110
_lUCH01
_h0458
590 _aBATCH-UPD
_b10
_c20130410
_lUCH01
_h0136
590 _aBATCH-UPD
_b10
_c20130914
_lUCH01
_h1056
590 _aCONVERSION
_b10
_c20130109
_lUCH01
_h1333
650 1 4 _aMecánica de suelos.
_973824
901 _aBK
942 _cLIBRO
949 _a624.151 C73 1992
_bBC
_cLIBRO
_d33724000631149
_eLIBRO
_gI.183983
_h91616
_i67312
_si
_t122.00
999 _c62164
_d62164